| 000 | 00397nam a22001697a 4500 | ||
|---|---|---|---|
| 005 | 20260323115433.0 | ||
| 020 | _a9788198424457 | ||
| 041 | _aEnglish | ||
| 082 | _aT16 R25 RAJ | ||
| 100 | _aRajan P K | ||
| 245 | _aPuratchiyil Porul Varalaatru Maattrangalin Poruliyal Adippadai Vol 1 | ||
| 250 | _a01 | ||
| 260 |
_aChennai _bNCBH _c2025 |
||
| 300 | _a784 | ||
| 365 | _b1250.00 | ||
| 942 | _cBK | ||
| 999 |
_c177050 _d177050 |
||